| 000 | 00904nam a2200253 c 4500 | ||
|---|---|---|---|
| 001 | 000030442 | ||
| 003 | RuMoIPM | ||
| 005 | 20260429121611.0 | ||
| 008 | 230210s1977 ru ||||||| |||| ||rus d | ||
| 035 | _a(RuMoBEN) 002036400 | ||
| 035 | _a(ELAR retro) [2022] 000132437 | ||
| 040 |
_aRuMoBEN _brus _ercr |
||
| 041 | 0 | _arus | |
| 044 | _aru | ||
| 080 | _a510.6:16 | ||
| 100 | 1 | _aНовиков, Петр Сергеевич | |
| 245 | 1 | 0 |
_aКонструктивная математическая логика с точки зрения классической _cП. С. Новиков |
| 260 |
_aМосква _bНаука _c1977 |
||
| 300 | _a328 с., [1] л. портр. | ||
| 490 | 0 | _aМатематическая логика и основания математики | |
| 504 | _aБиблиогр.: с. 318-320 | ||
| 504 | _aУказ. имен и предм.: с. 323-328 | ||
| 942 | _cBK | ||
| 999 |
_c30442 _d30442 |
||